000
00290nam a22001217a 4500
041
_a
ENG
100
_a
Kundra.T.K
245
_a
Numerical Control And Computer Aided Manufacturing
260
_a
Delhi
_b
Tata Mcgraw -Hill
_c
2003
300
_a
188
650
_a
M.Tech
856
_u
M.Tech -(7)
999
_c
1002
_d
1002